| 000 | 01826cam a2200385 i 4500 | ||
|---|---|---|---|
| 001 | 891324382 | ||
| 003 | OCoLC | ||
| 005 | 20231116113417.0 | ||
| 007 | ta | ||
| 008 | 140922t20152015miu g b 001 0 eng | ||
| 010 | _a2014028821 | ||
| 020 | _a9780801049798 | ||
| 020 | _a0801049792 | ||
| 040 |
_aDLC _bspa _erda _cCO-MdFUSB _dYDX _dYDXCP _dBTCTA _dBDX _dEMT _dCDX _dOCLCO _dOCLCF _dLNT _dUtOrBLW |
||
| 041 | _aeng | ||
| 042 | _apcc | ||
| 082 |
_224 _aG 230.42 _bA425r |
||
| 100 | 1 |
_aAllen, Michael, _d1981- _eautor |
|
| 245 | 1 | 0 |
_aReformed catholicity _b: the promise of retrieval for theology and biblical interpretation _c/ Michael Allen & Scott R. Swain |
| 264 | 1 |
_aGrand Rapids, Michigan : _bBaker Academic, _c℗2015 |
|
| 264 | 4 | _c©2015 | |
| 300 |
_aviii, 168 páginas ; _c22 cm. |
||
| 336 |
_2rdacontent. _atexto _btxt |
||
| 337 |
_2rdamedia. _asin mediación _bn |
||
| 338 |
_2rdacarrier. _avolumen _bnc |
||
| 501 | _aIncluye índice (páginas 163- 168) | ||
| 505 | 0 | _aIntroducción: Renovación a través de la recuperación -- El aprendizaje de la teología en la escuela de Cristo: los principios de la teología y la promesa de recuperación -- Recuperación de sola escritura, primera parte: el contexto católico de sola escritura -- Recuperando sola escritura, segunda parte: tradición bíblica -- Una lectura gobernada reformada: el papel de la confesión de la iglesia en la interpretación bíblica -- En defensa de textos de prueba -- Epílogo: Redescubriendo la tradición católica reformada para hoy: una visión bíblica, centrada en Cristo para la renovación de la iglesia / por J. Todd Billings. | |
| 563 | _aRustico | ||
| 650 | 7 |
_aIglesias protestantes _9222 |
|
| 650 | 0 |
_aCalvinismo _9937 |
|
| 942 | _cBK | ||
| 945 | _aAF | ||
| 999 |
_c64805 _d64805 |
||